Online Catalogue and eLibrary

Staying alive : (Record no. 2941)

MARC details
000 -LEADER
fixed length control field 00404nam a2200169Ia 4500
005 - DATE AND TIME OF LATEST TRANSACTION
control field 20240604015529.0
008 - FIXED-LENGTH DATA ELEMENTS--GENERAL INFORMATION
fixed length control field 240331s9999 xx 000 0 und d
082 ## - DDC Classification
Item Number - Author Mark GHI
Class No. 365
100 ## - MAIN ENTRY--PERSONAL NAME
Personal name Ghimire, D
245 #0 - TITLE STATEMENT
Title Staying alive :
Remainder of title memories of women in prison
250 ## - EDITION STATEMENT
Edition statement 1 st
260 ## - PUBLICATION, DISTRIBUTION, ETC.
Place of publication, distribution, etc. Kathmandu
Name of publisher, distributor, etc. Jagdish Ghimire
Date of publication, distribution, etc. 2000
300 ## - PHYSICAL DESCRIPTION
Extent (e.g. Volumes, Pages etc.) 148
650 ## - SUBJECT ADDED ENTRY--TOPICAL TERM
Topical term or geographic name entry element Women
650 ## - SUBJECT ADDED ENTRY--TOPICAL TERM
Topical term or geographic name entry element Criminal
942 ## - Koha item type (Biblio)
Koha item type Books in Stacks (Lending)
Holdings
Lost status Damaged status Collection code Home library Current library Shelving location Date acquired Full call number Accession Number Item type
    Lending WERC Library WERC Library Social Science Cupboard 03/31/2024 365.45 GHI 4688 Books in Stacks (Lending)

© WERC Library